International : (Record no. 200420549)
[ view plain ]
| 000 -LEADER | |
|---|---|
| fixed length control field | 00685 a2200229 4500 |
| 001 - CONTROL NUMBER | |
| control field | 200420549 |
| 003 - CONTROL NUMBER IDENTIFIER | |
| control field | TR-AnTOB |
| 005 - DATE AND TIME OF LATEST TRANSACTION | |
| control field | 20190322123318.0 |
| 008 - FIXED-LENGTH DATA ELEMENTS--GENERAL INFORMATION | |
| fixed length control field | 160507d19799999gw qn0p 0 1 d |
| 022 ## - INTERNATIONAL STANDARD SERIAL NUMBER | |
| International Standard Serial Number | 1010-9285 |
| 040 ## - CATALOGING SOURCE | |
| Original cataloging agency | TR-AnTOB |
| Language of cataloging | eng |
| 041 ## - LANGUAGE CODE | |
| Language code of text/sound track or separate title | Almanca |
| 099 ## - LOCAL FREE-TEXT CALL NUMBER (OCLC) | |
| Classification number | JOURNAL - INTE |
| 245 00 - TITLE STATEMENT | |
| Title | International : |
| Remainder of title | Die Zeitschrift für internationale politik / |
| Statement of responsibility, etc. | Arbeitsgemeinschaft für internationale Publizistik. |
| 264 #1 - PRODUCTION, PUBLICATION, DISTRIBUTION, MANUFACTURE, AND COPYRIGHT NOTICE | |
| Place of production, publication, distribution, manufacture | Wien : |
| Name of producer, publisher, distributor, manufacturer | Arbeitsgemeinschaft für internationale Publizistik, |
| Date of production, publication, distribution, manufacture, or copyright notice | 1979 - |
| 300 ## - PHYSICAL DESCRIPTION | |
| Extent | volumes : |
| Dimensions | 28 cm. |
| 336 ## - CONTENT TYPE | |
| Content type term | text |
| Source | rdacontent |
| 337 ## - MEDIA TYPE | |
| Media type term | unmediated |
| Source | rdamedia |
| 338 ## - CARRIER TYPE | |
| Carrier type term | volume |
| Source | rdacarrier |
| 942 ## - ADDED ENTRY ELEMENTS (KOHA) | |
| Koha item type | Continuing Resource |
No items available.
